000 00912nam a2200265 i 4500
001 180634
003 ES-MaACL
005 20230906221141.0
008 120619s1974 sp af |||| |bspa d
020 _a84-279-8744-7
080 _a75Antonello da Messina
100 0 _aAntonello da Messina.
_9150649
245 1 3 _aLa obra pictórica completa de Antonello de Mesina /
_cintroducción de Leonardo Sciascia ; biografía y estudios críticos de Gabriele Mandel.
260 _aBarcelona :
_bNoguer,
_c[1974] (
_fRizzoli)
300 _a108 p. :
_bil. col. y n. ;
_c32 cm.
490 1 _aClásicos del arte ;
_v40
500 _aÍndices.
504 _aBibliografía: p. 82.
600 0 4 _aAntonello da Messina.
_9150649
700 1 _aSciascia, Leonardo.
_9104929
700 1 _aMandel, Gabriele.
_975943
830 0 _aClásicos del arte ;
_v40
_9191252
852 _aES-MaACL
_jL-31075
999 _c180634
_d180634